000 00771nam a2200205Ii 4500
003 JO-AjNU
008 230605s9999||||xx |||||||||||||| ||und||
040 _aJO-AjNU
_bara
_erda
_cJO-AjNU
041 _aara
050 1 4 _aK3611.T7.Z3538.2001
100 3 _aزعال، حسني عودة,
_eauthor
_953020
245 0 0 _aالتطرف غير المشروع بالأعضاء البشرية : دراسة مقارنة
250 _aط1
264 3 1 _aعمان : الدار العلمية الدولية ودار الثقافة،2001
300 _a190ص
_bيشتمل على ببلوغرافية ص (175-185)
336 _atext
_btxt
_2rdacontent
337 _aunmediated
_bn
_2rdamedia
338 _avolume
_bnc
_2rdacarrier
490 0 _aالمكتبة القانونية (414)
999 _aA23521
_c27089
_d27089